Yüklüyor......
Selling to win
| Yazar: | |
|---|---|
| Materyal Türü: | Printed Book |
| Dil: | English |
| Baskı/Yayın Bilgisi: |
New Delhi
Kogan page India
2008
|
| Edisyon: | 3rd ed. |
| Konular: |
| LEADER | 00641nam a2200253 a 4500 | ||
|---|---|---|---|
| 001 | adlib96000001 | ||
| 003 | ViArRB | ||
| 005 | 20151026132445.0 | ||
| 008 | 960221s1955 dcuabcdjdbkoqu001 0deng d | ||
| 020 | |a 9788175543270 | ||
| 022 | |||
| 040 | |a Adlib | ||
| 082 | |a 658.8 | ||
| 245 | |a Selling to win | ||
| 250 | |a 3rd ed. | ||
| 260 | |a New Delhi |b Kogan page India |c 2008 | ||
| 300 | |a x,191p | ||
| 500 | |a | ||
| 100 | |a Denny, Richard | ||
| 700 | |||
| 942 | |c BK |6 _ | ||
| 653 | |a Selling | ||
| 999 | |c 49166 |d 49166 | ||
| 952 | |0 0 |1 0 |4 0 |6 6588_DEN |7 0 |9 61898 |a UL |b UL |d 2010-06-16 |l 3 |m 1 |o 658.8 DEN |p 00059129 |r 2013-05-28 |s 2013-05-07 |w 2010-06-16 |y BK | ||